000 00692nam a2200193 a 4500
001 ASIN007052162X
005 20140918164518.0
008 140917s1987 xxu eng d
020 _a007052162X (hardcover)
_c$44.95
020 _a9780070521629 (hardcover)
100 1 _aRosaler, Robert.
245 1 0 _aIndustrial maintenance reference guide /
_cRobert Rosaler.
260 _a[S.l.] :
_bMcgraw-Hill (Tx),
_c1987.
300 _a229 p. ;
_c23 cm.
490 1 _aMcgraw-hill engineering reference guide series.
520 _aNEW book.
830 0 _aMcgraw-hill engineering reference guide series.
856 4 0 _3Amazon.com
_uhttp://www.amazon.com/exec/obidos/ASIN/007052162X/chopaconline-20
999 _c10061
_d10061